LEADER 01470nam a2200313 a 4500 001 000000170396 003 CaOOAMICUS 005 20200203120905.0 008 181112s2018 it u000 u ita r 032 $aLibriCat 040 $aPUL$bita 082 04$a346.45 100 1 $aPerlingieri, Pietro,$d1937-$0(OLS)http://pul/name/29045 245 10$aManuale di diritto civile /$cPietro Perlingieri ; con la collaborazione di A. Alpini ... [et al.]. 250 $a9. ed. interamente riveduta e integrata con indicazioni giurisprudenziali. 260 $aNapoli :$bEdizioni scientifiche italiane,$c©2018. 300 $aXXIII, 1265 p. ;$c25 cm. 500 $aContiene indici. 504 $aBibliografia in nota. 650 4$aDiritto civile$zItalia$vManuali.$0(OLS)http://pul/subject/34129 700 1 $aAlpini, Arianna.$0(OLS)http://pul/name/109620 850 $aPUL 852 $aPUL$W1$xSL Diritto e Scienze Sociali 3$y79$m346. 45 PERPI 1B$j197105$qDDC 21$B201893$CPULBib$Z2$F201893 $H133918 $82 852 $aPUL$W1$xSL Diritto e Scienze Sociali 3$y79$m346. 45 PERPI 1$j193284$qDDC 21$B198706$CPULBib$Z2$F198706 $H131582 $81 941 1 $a9 996 $6082$a346.45$9(OLS)http://pul/classification/372 996 $6245$aManuale di diritto civile$9(OLS)http://pul/title/151584 996 $6260$aNapoli :$bEdizioni scientifiche italiane$9(OLS)http://pul/publisher/48388 LEADER 01221nam a2200313 a 4500 001 000000176145 003 CaOOAMICUS 005 20230918111712.0 008 230918s2022 it 000 u ita r 020 $a978-88-311-8273-7* 032 $aLibriCat 040 $aPUL$bita 084 $a881 100 0 $aCassia ,$dIX sec.$0(OLS)http://pul/name/113156 245 10$aOpere /$cCassia ; introduzione, traduzione e note di Lucio Coco. 260 $aRoma :$bCittà Nuova,$c©2022. 300 $a104 p. ;$c20 cm 490 1 $aCollana di testi patristici ;$v272 650 4$aPoesia greca.$0(OLS)http://pul/subject/5845 700 1 $aCoco, Lucio.$0(OLS)http://pul/name/47179 830 0$aCollana di testi patristici ;$v272.$0(OLS)http://pul/title/17027 850 $aPUL 852 $aPUL$W1$xSL Cons. Gen., Altre Classi 1$y1$m2000 E 272$j200308$qStampati$B205090$CPULBib$Z2$F205090 $H136498 $82 941 1 $a8 996 $6020$a978-88-311-8273-7*$9(OLS)http://pul/number/169335 996 $6084$a881$9(OLS)http://pul/classification/3443 996 $6245$aOpere$9(OLS)http://pul/title/9199 996 $6260$aRoma :$bCittà Nuova$9(OLS)http://pul/publisher/47927